Kvalita ambulantnej starostlivosti očami pacienta

Podrobná bibliografia
Hlavní autori: Volná, Anna (Autor), Heřmanová, Darina (Autor), Kyselica, Andrej (Autor)
Médium: Článok
Jazyk:slovenčina
Fyzický popis:Graf
Predmet:

MARC

LEADER 00000nab a2200000 a 4500
001 vtls000760428
003 SK-MaSNL
005 20260304175202.0
008 160405c2000 xo 0 slo
015 |a SNBRB2001/06-19404 
035 |a CLN000112215 
040 |a SNKBUCL  |b slo  |c SNKBUCL  |e AACR2 
041 0 |a slo 
044 |a xo  |c SK 
080 |a 338.46  |2 1997 
100 1 |a Volná, Anna  |4 aut  |9 9350 
245 1 0 |a Kvalita ambulantnej starostlivosti očami pacienta  |c Anna Volná, Darina Heřmanová, Andrej Kyselica 
300 |b Graf 
504 |a Bibliogr. odkazy 
650 0 7 |a primárna zdravotná starostlivosť  |2 snkbucl  |9 93841 
650 0 7 |a ekonomika a organizácia zdravotníckej starostlivosti  |2 snkbucl  |9 840837 
650 0 7 |a kvalita života  |2 snkbucl  |9 1705 
650 0 7 |a vzťahy lekár-pacient  |2 snkbucl  |9 846236 
650 0 7 |a dotazníky  |2 snkbucl  |9 19591 
655 7 |a články z novín a časopisov  |2 snkbucl  |9 267496 
700 1 |a Heřmanová, Darina  |4 aut  |9 8385 
700 1 |a Kyselica, Andrej  |4 aut  |9 820457 
773 0 |t Nemocnica  |g Roč. 7, č. 2 (2000), s. 11-17 
850 |a Slovenská národná knižnica v Martine 
852 |a SNK  |b KIS3GCP 
958 |a NB 
958 |a MI 
958 |a RBX 
999 |c 3012330  |d 3014260